Fundamentals of optics / (Record no. 175434)
[ view plain ]
| 000 -LEADER | |
|---|---|
| fixed length control field | 00674 a2200217 4500 |
| 003 - CONTROL NUMBER IDENTIFIER | |
| control field | Nust |
| 005 - DATE AND TIME OF LATEST TRANSACTION | |
| control field | 20220801102306.0 |
| 010 ## - LIBRARY OF CONGRESS CONTROL NUMBER | |
| LC control number | 75026989 |
| 020 ## - INTERNATIONAL STANDARD BOOK NUMBER | |
| International Standard Book Number | 0070323305 |
| 040 ## - CATALOGING SOURCE | |
| Transcribing agency | Nust |
| 082 00 - DEWEY DECIMAL CLASSIFICATION NUMBER | |
| Classification number | 535,JEN |
| 100 1# - MAIN ENTRY--PERSONAL NAME | |
| Personal name | Jenkins, Francis A. |
| 9 (RLIN) | 95954 |
| 245 10 - TITLE STATEMENT | |
| Title | Fundamentals of optics / |
| Statement of responsibility, etc. | Francis A. Jenkins, Harvey E. White. |
| 250 ## - EDITION STATEMENT | |
| Edition statement | 4th ed. |
| 260 ## - PUBLICATION, DISTRIBUTION, ETC. | |
| Place of publication, distribution, etc. | New York : |
| Name of publisher, distributor, etc. | McGraw-Hill, |
| Date of publication, distribution, etc. | c1976. |
| 300 ## - PHYSICAL DESCRIPTION | |
| Extent | xx, 746 p. : |
| Other physical details | ill. ; |
| Dimensions | 25 cm. |
| 505 ## - FORMATTED CONTENTS NOTE | |
| Formatted contents note | Part1:- Geometrical Optics (Page-3), Part 2:- Wave Optics (Page-214), Part 3:- Quantum Optics (Page-611). |
| 650 #0 - SUBJECT ADDED ENTRY--TOPICAL TERM | |
| Topical term or geographic name entry element | Optics. |
| 9 (RLIN) | 40012 |
| 700 1# - ADDED ENTRY--PERSONAL NAME | |
| Personal name | White, Harvey Elliott, |
| Dates associated with a name | 1902- |
| 9 (RLIN) | 95955 |
| 942 ## - ADDED ENTRY ELEMENTS (KOHA) | |
| Koha item type | Reference |
| Source of classification or shelving scheme | |
| Withdrawn status | Lost status | Source of classification or shelving scheme | Damaged status | Not for loan | Collection code | Permanent Location | Current Location | Date acquired | Total Checkouts | Full call number | Barcode | Date last seen | Price effective from | Koha item type |
|---|---|---|---|---|---|---|---|---|---|---|---|---|---|---|
| Military College of Signals (MCS) | Military College of Signals (MCS) | 12/12/2016 | 535 JEN | MCS27245 | 12/08/2016 | 12/12/2016 | Book |
